000 01429nam a22002897a 4500
005 20130916154812.0
010 _aENG-108428
020 _c399.00
_a9780230768093
035 _aEN-91961
037 _bDBAD/PUB
082 _a270.72
100 _aSchmidt, John R.
245 _aThe unravelling :
_cby John R. Schmidt
_bPakistan in the age of Jihad /
260 _aGurgaon
_bMacmillan
_c2012
270 _a3A, 4th Floor, DLF Corporate Park,
_bGurgaon
_e122002
300 _a282p.
_c22cm(pbk)
500 _aIncludes bibliographical references and index
505 _aAn improbable state -- The feudals and the army -- Religion, Zia, and the anti-Soviet jihad in Afghanistan -- Kashmir, India, and the institutionalization of jihad -- The Taliban, Bin Laden, and the road to 9/11 -- The tribal areas, 9/11, and the rise of the Pakistani Taliban -- Lal Masjid, army failures, and the domestic terrorism campaign -- Mumbai, the Buner moment, and troubles with the U.S. -- The shape of things to come -- The final unraveling.
610 _a Pakistan
_bArmy.
650 _a Political culture
_zPakistan.
650 _a Feudalism
_x Political aspects
_z Pakistan.
650 _a Political leadership
_z Pakistan.
650 _a Islamic fundamentalism
_zPakistan.
650 _a Jihad
_xPolitical aspects
_zPakistan.
650 _a Terrorism
_xGovernment policy
_z Pakistan.
942 _2ddc
_cEN
_mSCH
_h270.72
999 _c78841
_d78841